000 00724cam a22002413a 4500
001 45355
003 PGUSA
005 20140828084040.0
008 140409s2014||||xxu|||||s|||||000 | eng d
040 _aPGUSA
_beng
042 _adc
100 1 _aSophocles,
_d-496--406
245 1 0 _aKoning Oedipus, van Sophocles :
_btragedie
_h[electronic resource] /
_cSophocles
260 _bProject Gutenberg,
_c2014
506 _aPublic domain in the USA.
516 _aElectronic text
700 1 _aHofmannsthal, Hugo von,
_d1874-1929
700 1 _aRoyaards, Willem Cornelis
700 1 _aVon Arnim, Elizabeth,
_d1866-1941
830 0 _aProject Gutenberg
_v45355
856 4 0 _uhttp://www.gutenberg.org/ebooks/45355
942 _cEB
999 _c274606
_d274606